=LDR 00000nam 2200000 4500 =001 INLIS000000000027824 =005 20140701135459.0 =006 =007 =008 Ind =035 ##$$a 0010-061300000027824 =041 ##$$a Ind =082 ##$$a 920 =090 ##$$a 920, Ala s =100 ##$$a Alami, happy =245 ##$$a Sebelas penyair ternama Indonesia, Happy Alami; Penyunting, Nurul Falah =260 ##$$a 2006 $b Bandung. emaj Rosdakarya =300 ##$$a v,112 hlm, ilus, 18 cm =650 ##$$a Penyair =700 ##$$a Falah, Nurul =850 ##$$a NBPNMAT